Semiconductor devices and circuits / (Record no. 9425)

MARC details
000 -LEADER
fixed length control field 00584nam a22002052 4500
001 - CONTROL NUMBER
control field 0000020627
005 - DATE AND TIME OF LATEST TRANSACTION
control field 20151217152218.0
008 - FIXED-LENGTH DATA ELEMENTS--GENERAL INFORMATION
fixed length control field 110928s xx 000 0 eng d
020 ## - INTERNATIONAL STANDARD BOOK NUMBER
International Standard Book Number 0195676874 :
040 ## - CATALOGING SOURCE
Original cataloging agency KABU
Transcribing agency KABU
100 1# - MAIN ENTRY--PERSONAL NAME
Personal name Dutta, Aloke K.
-- 0000181080
245 10 - TITLE STATEMENT
Title Semiconductor devices and circuits /
Statement of responsibility, etc. Aloke K. Dutta.
250 ## - EDITION STATEMENT
Edition statement 1st ed.
260 ## - PUBLICATION, DISTRIBUTION, ETC. (IMPRINT)
Place of publication, distribution, etc. Oxford :
Name of publisher, distributor, etc. O. U. P.,
Date of publication, distribution, etc. 2008.
300 ## - PHYSICAL DESCRIPTION
Extent xii, 848 p.
650 #0 - SUBJECT ADDED ENTRY--TOPICAL TERM
Topical term or geographic name as entry element Semiconductors.
-- 0000156427
852 1# - LOCATION
-- p3640 KES
908 ## - PUT COMMAND PARAMETER (RLIN)
Put command parameter 110928
950 ## - LOCAL HOLDINGS (RLIN)
-- 1
Holdings
Withdrawn status Lost status Source of classification or shelving scheme Not for loan Home library Current library Date acquired Total Checkouts Total Renewals Full call number Barcode Date last seen Date last checked out Price effective from Koha item type
    Library of Congress Classification   Kabarak, Main Campus Kabarak, Main Campus 17/12/2015 5 1 TK7871.85 .D88 2008 c. 1 19406 07/12/2018 03/12/2018 17/12/2015 General Collection
Designed with assistance from East African Informatics Ltd